Komparácia právnej úpravy sprievodcu v cestovnom ruchu v Českej a Slovenskej republike

Cieľom práce bolo komparovať právne postavenie sprievodcu cestovného ruchu na Slovensku a v Čechách, ako aj zistiť zistiť mieru implementácie smernicu Európskeho parlamentu a Rady 2006/123/ES z 12. decembra 2006 o službách na vnútornom trhu, ktorej kľúčovým cieľom a tým aj prijatého zákona je najmä...

Full description

Saved in:
Bibliographic Details
Main Author: Fodranová, Iveta, 1959-
Format: Book Chapter
Language:Slovak
Subjects:
Tags: Add Tag
No Tags, Be the first to tag this record!

MARC

LEADER 00000nla a2200000 4500
001 0175064
005 20240502073002.7
041 0 |a slo 
044 |a SK 
245 1 0 |a Komparácia právnej úpravy sprievodcu v cestovnom ruchu v Českej a Slovenskej republike  |c Iveta Fodranová 
520 |a Cieľom práce bolo komparovať právne postavenie sprievodcu cestovného ruchu na Slovensku a v Čechách, ako aj zistiť zistiť mieru implementácie smernicu Európskeho parlamentu a Rady 2006/123/ES z 12. decembra 2006 o službách na vnútornom trhu, ktorej kľúčovým cieľom a tým aj prijatého zákona je najmä zabezpečiť poskytovateľom usadeným v členskom štáte ES voľný pohyb služieb na základe odstránenia právnych a administratívnych prekážok, ktoré sťažujú, zdražujú alebo inak neprimerane obmedzujú možnosti poskytovania služieb v inom (hostiteľskom) členskom štáte. Na dosiahnutie stanoveného cieľa boli použité predovšetkým legislatívne zdroje. 
610 2 0 |a ruch cestovný 
610 2 0 |a služby 
610 2 0 |a sprievodcovia 
610 2 0 |a živnosti 
610 2 0 |a úpravy právne 
100 1 |a Fodranová, Iveta, 1959-